| 000 | 01241cam a2200337 a 4500 | ||
|---|---|---|---|
| 001 | 14765706 | ||
| 005 | 20070418105644.0 | ||
| 008 | 070312s1975 nyu c 001 0 eng d | ||
| 010 | _a 2007618082 | ||
| 020 | _a0415567890 | ||
| 020 | _a9780415567893 | ||
| 035 | _a(OCoLC)ocm03686989 | ||
| 040 |
_aPSC _cPSC _dDLC |
||
| 042 | _alccopycat | ||
| 050 | 0 | 0 |
_aHX86 .S33 _b1975 |
| 082 | 0 | 0 |
_a335 _222 _bSCH |
| 100 | 1 |
_aSchumpeter, Joseph Alois, _d1883-1950. _923802 |
|
| 245 | 1 | 0 |
_aCapitalism, Socialism, and Democracy / _cJoseph A. Schumpeter ; with a new introd. by Joseph E. Stiglitz |
| 260 |
_aOxford : _bRoutledge, 2010 _c2010 |
||
| 300 |
_axiv, 442 p. ; _c21 cm. |
||
| 490 | 0 |
_aRoutledge classics _94645 |
|
| 504 | _aIncludes bibliographical references (p.358-436) and index. | ||
| 650 | 0 |
_aSocialism. _923803 |
|
| 650 | 0 |
_aCapitalism. _923804 |
|
| 650 | 0 |
_aDemocracy. _923805 |
|
| 653 |
_bPol _cMay2011 |
||
| 856 | 4 | 1 |
_3Table of contents only _uhttp://www.loc.gov/catdir/toc/fy0707/2007618082.html |
| 942 |
_2ddc _cBB |
||
| 999 |
_c15278 _d15278 |
||